[Event "PNWCC Thanksgiving U2200 op"]
[Site "Chess.com INT"]
[Date "2020.11.27"]
[Round "1"]
[White "Greco, Giovanni"]
[Black "Chang, Eddie"]
[Result "0-1"]
[WhiteElo "1403"]
[BlackElo "1667"]
[PlyCount "80"]
[EventDate "2020.11.27"]
[EventType "swiss (rapid)"]
[EventRounds "9"]
[EventCountry "USA"]
[SourceTitle "CBM 199 Extra"]
[Source "ChessBase"]
[SourceDate "2021.01.31"]
[SourceVersion "1"]
[SourceVersionDate "2021.01.31"]
[SourceQuality "1"]

1. d4 Nf6 2. Nf3 g6 3. g3 Bg7 4. Bg2 0-0 5. c4 d5 6. Nc3 c5 7. 0-0 Nc6 8. cxd5 Nxd5 9. Nxd5 Qxd5 10. dxc5 Qxc5 11. Rb1 Bf5 12. Ra1 Bc2 13. Qe1 Rfd8 14. Nd2 Rac8 15. Ne4 Qb4 16. Qxb4 Nxb4 17. a3 Bxe4 18. Bxe4 Nc2 19. Ra2 Nd4 20. b4 b6 21. Rd1 Nf3+ 22. Kg2 Rxd1 23. Bf4 Ne1+ 24. Kh3 f5 25. Bb7 Rc2 26. Rxc2 Nxc2 27. Bb8 Nxa3 28. Bc6 a5 29. bxa5 bxa5 30. Bg2 g5 31. g4 f4 32. Bc7 Nc4 33. Be4 Be5 34. Bxe5 Nxe5 35. Kg2 a4 36. Bc2 Ra1 37. f3 a3 38. Kf2 a2 39. Bb3+ Kg7 40. Kg2 Rg1+ 0-1

[Event "PNWCC Thanksgiving U2200 op"]
[Site "Chess.com INT"]
[Date "2020.11.27"]
[Round "2"]
[White "Greco, Giovanni"]
[Black "Lin, Benjamin"]
[Result "1-0"]
[WhiteElo "1403"]
[BlackElo "2206"]
[PlyCount "67"]
[EventDate "2020.11.27"]
[EventType "swiss (rapid)"]
[EventRounds "9"]
[EventCountry "USA"]
[SourceTitle "CBM 199 Extra"]
[Source "ChessBase"]
[SourceDate "2021.01.31"]
[SourceVersion "1"]
[SourceVersionDate "2021.01.31"]
[SourceQuality "1"]

1. e4 e5 2. Nf3 Nc6 3. Bb5 a6 4. Ba4 Nf6 5. 0-0 d6 6. c3 Be7 7. d4 exd4 8. cxd4 0-0 9. e5 Nd5 10. Nc3 Nxc3 11. bxc3 b5 12. Bc2 Bg4 13. Qd3 g6 14. Re1 dxe5 15. d5 Bf5 16. Qe2 Bxc2 17. dxc6 Bf5 18. Nxe5 Bf6 19. Bh6 Re8 20. Rad1 Qe7 21. f4 Rad8 22. Rxd8 Qxd8 23. Qf3 Qd6 24. Rd1 Qc5+ 25. Kh1 Bxe5 26. fxe5 Qxe5 27. h3 Be4 28. Qf2 Qh5 29. Rd7 Qxh3+ 30. Kg1 Qe6 31. Qd4 Qe5 32. Qxe5 Rxe5 33. Rd8+ Re8 34. Rxe8# 1-0

[Event "Milan SSM op 09"]
[Site "Milan"]
[Date "2014.09.23"]
[Round "3"]
[White "Greco, Giovanni"]
[Black "Colica, Daniele"]
[Result "0-1"]
[WhiteElo "1484"]
[BlackElo "1710"]
[PlyCount "44"]
[EventDate "2014.09.16"]
[EventType "swiss"]
[EventRounds "8"]
[EventCountry "ITA"]
[SourceTitle "EXT 2016"]
[Source "ChessBase"]
[SourceDate "2015.10.08"]
[SourceVersion "1"]
[SourceVersionDate "2015.10.08"]
[SourceQuality "1"]

1. d4 Nf6 2. c4 e6 3. Nc3 Bb4 4. Nf3 0-0 5. Bg5 d6 6. Qc2 Nbd7 7. e3 c5 8. d5 exd5 9. cxd5 Qa5 10. Bd3 h6 11. Bxf6 Nxf6 12. e4 c4 13. Bxc4 Nxe4 14. Rc1 Bf5 15. Qb3 b5 16. Be2 Nc5 17. Qd1 Qxa2 18. 0-0 Bxc3 19. bxc3 a6 20. Nd4 Qxd5 21. Bf3 Be4 22. Re1 Bxf3 0-1

[Event "Milan SSM op 09"]
[Site "Milan"]
[Date "2014.09.16"]
[Round "1"]
[White "Greco, Giovanni"]
[Black "Zuliani, Francesco"]
[Result "0-1"]
[WhiteElo "1484"]
[BlackElo "1845"]
[PlyCount "75"]
[EventDate "2014.09.16"]
[EventType "swiss"]
[EventRounds "8"]
[EventCountry "ITA"]
[SourceTitle "EXT 2016"]
[Source "ChessBase"]
[SourceDate "2015.10.08"]
[SourceVersion "1"]
[SourceVersionDate "2015.10.08"]
[SourceQuality "1"]

1. d4 d5 2. c4 c6 3. Nc3 dxc4 4. e4 b5 5. a4 b4 6. Na2 Nf6 7. e5 Nd5 8. Bxc4 e6 9. Nf3 Be7 10. Bd2 a5 11. 0-0 Ba6 12. Qc2 Qb6 13. Nc1 Bxc4 14. Qxc4 Na6 15. Nb3 0-0 16. Qd3 Rfd8 17. Qe4 Rac8 18. Bg5 c5 19. Bxe7 Nxe7 20. dxc5 Nxc5 21. Nxc5 Rxc5 22. Rfd1 Rcd5 23. Rxd5 Rxd5 24. Ng5 Ng6 25. Rc1 Qd8 26. f4 Rd4 27. Qb7 Rd1+ 28. Rxd1 Qxd1+ 29. Kf2 Qd2+ 30. Kf1 Qxf4+ 31. Nf3 Qc1+ 32. Ne1 Qc4+ 33. Kf2 Qc5+ 34. Kf3 Nxe5+ 35. Ke2 h6 36. Qa8+ Kh7 37. Qe4+ f5 38. Qc2 0-1

[Event "Milan SSM op 07"]
[Site "Milan"]
[Date "2014.07.05"]
[Round "3"]
[White "Greco, Giovanni"]
[Black "De Angelis, Lorenzo"]
[Result "1/2-1/2"]
[WhiteElo "1488"]
[BlackElo "1641"]
[PlyCount "31"]
[EventDate "2014.07.03"]
[EventType "swiss"]
[EventRounds "5"]
[EventCountry "ITA"]
[SourceTitle "EXT 2016"]
[Source "ChessBase"]
[SourceDate "2015.10.08"]
[SourceVersion "1"]
[SourceVersionDate "2015.10.08"]
[SourceQuality "1"]

1. d4 d5 2. c4 c6 3. Nc3 e6 4. Nf3 f5 5. e3 Nf6 6. Be2 Bb4 7. Bd2 0-0 8. 0-0 Nbd7 9. Rc1 Bd6 10. cxd5 exd5 11. h3 Ne4 12. Be1 Ndf6 13. Nh2 f4 14. Bf3 Nxc3 15. bxc3 Ne4 16. Bxe4 1/2-1/2

[Event "Milan Palladino Memorial-B 6th"]
[Site "Milan"]
[Date "2014.04.21"]
[Round "6"]
[White "Greco, Giovanni"]
[Black "Pipitone, Filippo Massimo"]
[Result "1/2-1/2"]
[WhiteElo "1433"]
[BlackElo "1546"]
[PlyCount "100"]
[EventDate "2014.04.17"]
[EventType "swiss"]
[EventRounds "7"]
[EventCountry "ITA"]
[SourceTitle "EXT 2015"]
[Source "ChessBase"]
[SourceDate "2014.11.20"]
[SourceVersion "1"]
[SourceVersionDate "2014.11.20"]
[SourceQuality "1"]

1. d4 d5 2. c4 e6 3. Nc3 Nf6 4. Bg5 Be7 5. Nf3 0-0 6. e3 h6 7. Bh4 b6 8. Be2 Bb7 9. 0-0 Nbd7 10. Qb3 c5 11. cxd5 exd5 12. dxc5 Nxc5 13. Qc2 Rc8 14. Qf5 a6 15. Qc2 Qc7 16. Rac1 Rfe8 17. Rfd1 Red8 18. Nd4 Nfe4 19. Bxe7 Qxe7 20. Bf3 b5 21. Qe2 Nxc3 22. Rxc3 Na4 23. Rxc8 Rxc8 24. Qd2 Qc5 25. b3 Nb6 26. Ne2 Qc2 27. Qxc2 Rxc2 28. Ra1 Nd7 29. Nd4 Rc3 30. a4 b4 31. Be2 a5 32. Kf1 Ne5 33. Rd1 Nc6 34. Nxc6 Bxc6 35. Rb1 Bd7 36. Ke1 Bf5 37. Rb2 Rc1+ 38. Bd1 Bg4 39. Rd2 Bxd1 40. Rxd1 Rxd1+ 41. Kxd1 Kf8 42. Kd2 Ke7 43. Kd3 Kd6 44. Kd4 f5 45. f3 g6 46. g4 fxg4 47. fxg4 g5 48. h3 Kc6 49. e4 dxe4 50. Kxe4 Kc5 1/2-1/2

[Event "Milan Carnevale op-B 5th"]
[Site "Milan"]
[Date "2014.03.09"]
[Round "6"]
[White "Greco, Giovanni"]
[Black "Pipitone, Filippo Massimo"]
[Result "0-1"]
[WhiteElo "1425"]
[BlackElo "1533"]
[PlyCount "62"]
[EventDate "2014.03.05"]
[EventType "swiss"]
[EventRounds "6"]
[EventCountry "ITA"]
[SourceTitle "EXT 2015"]
[Source "ChessBase"]
[SourceDate "2014.11.20"]
[SourceVersion "1"]
[SourceVersionDate "2014.11.20"]
[SourceQuality "1"]

1. d4 d5 2. c4 e6 3. Nc3 Nf6 4. Bg5 Be7 5. Nf3 0-0 6. e3 h6 7. Bh4 b6 8. cxd5 exd5 9. Be2 Bb7 10. 0-0 Nbd7 11. Rc1 c5 12. dxc5 bxc5 13. Re1 Re8 14. Bb5 a6 15. Ba4 Rc8 16. Re2 Rf8 17. Rd2 g5 18. Bg3 Nb6 19. Bb3 Re8 20. Be5 c4 21. Bc2 Ng4 22. Rd4 Nxe5 23. Nxe5 Bf6 24. f4 Bxe5 25. fxe5 Rxe5 26. Qh5 Rc6 27. Rf1 Rf6 28. Nd1 Rxf1+ 29. Kxf1 Qf6+ 30. Ke2 Bc8 31. h3 g4 0-1

[Event "Milan SSM op"]
[Site "Milan"]
[Date "2014.01.28"]
[Round "5"]
[White "Ciciotti, Augusto Walter"]
[Black "Greco, Giovanni"]
[Result "1-0"]
[WhiteElo "1903"]
[BlackElo "1402"]
[PlyCount "65"]
[EventDate "2014.01.14"]
[EventType "swiss"]
[EventRounds "8"]
[EventCountry "ITA"]
[SourceTitle "EXT 2015"]
[Source "ChessBase"]
[SourceDate "2014.11.20"]
[SourceVersion "1"]
[SourceVersionDate "2014.11.20"]
[SourceQuality "1"]

1. d4 d5 2. Nf3 Nf6 3. c4 c6 4. Qc2 g6 5. Bf4 Bg7 6. e3 0-0 7. Nc3 e6 8. h3 Nbd7 9. Be2 Ne8 10. 0-0 Ndf6 11. c5 Nd7 12. b4 a6 13. a4 b6 14. cxb6 Nxb6 15. b5 cxb5 16. axb5 axb5 17. Rxa8 Nxa8 18. Nxb5 Ba6 19. Rb1 Bxb5 20. Rxb5 Nd6 21. Rc5 Ne4 22. Rc6 Qd7 23. Ne5 Qb7 24. Ba6 Qa7 25. f3 Nf6 26. Nd3 Nb6 27. Nb4 Re8 28. Rc7 Qa8 29. Qd3 Bf8 30. Nc6 Nc8 31. Qb5 Nd6 32. Bxd6 Bxd6 33. Ra7 1-0

[Event "Milan SSM op"]
[Site "Milan"]
[Date "2014.01.24"]
[Round "4"]
[White "Greco, Giovanni"]
[Black "Aloe, Giancarlo"]
[Result "1-0"]
[WhiteElo "1402"]
[BlackElo "1719"]
[PlyCount "105"]
[EventDate "2014.01.14"]
[EventType "swiss"]
[EventRounds "8"]
[EventCountry "ITA"]
[SourceTitle "EXT 2015"]
[Source "ChessBase"]
[SourceDate "2014.11.20"]
[SourceVersion "1"]
[SourceVersionDate "2014.11.20"]
[SourceQuality "1"]

1. d4 d5 2. c4 c6 3. Nc3 e5 4. cxd5 cxd5 5. dxe5 d4 6. Ne4 Qa5+ 7. Nd2 Qxe5 8. Ngf3 Qd6 9. Nb3 Nc6 10. Nfxd4 Qb4+ 11. Qd2 Nxd4 12. Nxd4 Nf6 13. Qxb4 Bxb4+ 14. Bd2 Bxd2+ 15. Kxd2 Ne4+ 16. Ke1 0-0 17. e3 Bd7 18. Bc4 Rac8 19. Bb3 Nc5 20. Bc2 Rc7 21. Kd2 a6 22. Rac1 Rfc8 23. Bb1 g6 24. b4 Ne6 25. Rxc7 Rxc7 26. Rc1 Rxc1 27. Kxc1 Nxd4 28. exd4 Kg7 29. Kd2 f5 30. g3 Kf6 31. f4 Ke6 32. Kc3 Kd6 33. Bd3 h6 34. a3 b5 35. Be2 Bc6 36. g4 fxg4 37. Bxg4 Bd7 38. Bxd7 Kxd7 39. d5 Ke7 40. Kd4 Kd6 41. h3 g5 42. fxg5 hxg5 43. Ke4 Ke7 44. Kf5 Kd6 45. Kxg5 Kxd5 46. Kg6 Kc4 47. h4 Kb3 48. h5 Kxa3 49. h6 Kxb4 50. h7 a5 51. h8Q a4 52. Qb2+ Kc4 53. Qa3 1-0